Belgrade - Culture générale - Statistiques

Statistiques générales
  • Ce quiz a été pris 482 fois
  • Le résultat moyen est 8 sur 15
Statistiques - réponses
Information Réponse % Correct
Pays dans lequel se trouvait Belgrade jusqu'en 2003 Yougoslavie
95%
Les deux fleuves qui se rejoignent à Belgrade Danube
89%
Tennisman né à Belgrade aux 17 trophées de Grand Chelem Novak Djokovic
88%
Empire qui occupa la ville de Singidunum dès le premier siècle Empire romain
79%
Couleur associée à Belgrade à cause des bâtiments souillés par la guerre, lui donnant un air de Berlin Gris
73%
Dictateur de ce pays qui fit de la ville sa capitale en 1945 Tito
73%
Club de football vainqueur de la C1 de l'UEFA en 1991 Étoile Rouge
68%
Inventeur serbo-américain qui repose dans un musée à son nom ici Nikola Tesla
62%
Équipage mené par Jason qui aurait fondé la ville selon la mythologie grecque Argonautes
46%
Nom serbe de Belgrade Beograd
38%
Les deux fleuves qui se rejoignent à Belgrade Save
17%
Bâtiment militaire et aujourd'hui fortement touristique que ce dernier commença à édifier Forteresse
14%
Grande basilique orthodoxe serbe Saint-{Sava}
14%
Etablissements café-bar traditionnels qui parcourent les rues de la ville Kafana
5%
Ce qu'abrite trois dômes à Savski Venac Foire de Belgrade
2%
Aucun quiz correspondant
Distribution des résultats
% des personnes avec chaque résultat
Percentile par nombre de réponses
Votre historique - résultats
Vous n’avez pas pris ce quiz